| 000 | 00444nam a2200157 i 4500 | ||
|---|---|---|---|
| 001 | 22612 | ||
| 003 | ES-MaACL | ||
| 005 | 20230906152727.0 | ||
| 007 | t| | ||
| 008 | 021203s1968 sp ||||1| gao d | ||
| 100 | 1 |
_aAlonso Montero, Xesús. _920364 |
|
| 245 | 1 | 0 |
_aO pervenir de lingua galega / _cXesús Alonso Montero. |
| 260 |
_aLugo : _bInstituto de Estudios, _c[1968] |
||
| 300 |
_a164 p. ; _c21 cm. |
||
| 852 |
_aES-MaACL _jC-34973 _bR.68043 |
||
| 999 |
_c22612 _d22612 |
||